| 000 | 00714nam a2200193 i 4500 | ||
|---|---|---|---|
| 001 | 157313 | ||
| 003 | ES-MaACL | ||
| 005 | 20251004063206.0 | ||
| 008 | 040830s1877 sp |||| | spa d | ||
| 100 | 1 |
_aLaveleye, Émile de, _d1822-1892 _970700 |
|
| 245 | 1 | 0 |
_aPorvenir de los pueblos católicos _b: estudio de economía social / _cpor Emilio de Laveleye. |
| 250 | _a2ª ed. | ||
| 260 |
_aMadrid : _bLibrería Nacional y Extranjera, _c1877. |
||
| 300 |
_a39 p. ; _c20 cm. |
||
| 650 | 7 |
_aEconomía social _2embne _912036 |
|
| 852 |
_aES-MaACL _jT-420-F-3 _z- Enc. hol. _z- Enc. en un vol. facticio |
||
| 852 |
_aES-MaACL _jT-471-F-2 _z- Enc. hol. _z- Enc. en un vol. facticio |
||
| 999 |
_c157313 _d157313 |
||